Footballers by Country - Statistics

General Stats
  • This quiz has been taken 152 times
  • The average score is 18 of 27
Answer Stats
Player Country % Correct
Robert Lewandowski Poland
100%
Christian Eriksen Denmark
91%
Ji-Sung Park South Korea
91%
Erling Haaland Norway
89%
Alphonso Davies Canada
87%
Keisuke Honda Japan
87%
Granit Xhaka Switzerland
86%
David Alaba Austria
85%
Vincent Kompany Belgium
83%
Arjen Robben Netherlands
82%
Keylor Navas Costa Rica
79%
Tim Cahill Australia
76%
Pierre-Emerick Aubameyang Gabon
76%
Landon Donovan USA
76%
Burak Yilmaz Turkey
64%
Gheorghe Hagi Romania
63%
Rafael Marquez Mexico
62%
Hristo Stoichkov Bulgaria
61%
Marek Hamsik Slovakia
54%
Kevin-Prince Boateng Ghana
52%
Claudio Pizarro Peru
47%
Sofiane Feghouli Algeria
44%
Mario Fernandes Russia
41%
Ali Daei Iran
36%
Milot Rashica Kosovo
35%
Will Grigg Northern Ireland
34%
Juan Arango Venezuela
32%
No matching quizzes found
Score Distribution
Percent of People with Each Score
Percentile by Number Answered
Your Score History
You have not taken this quiz